[Event "SM-gruppen"]
[Site "Göteborg"]
[Date "2004.07.10"]
[Round "1"]
[White "Akesson,J"]
[Black "Ong,Kez"]
[Result "0-1"]
[WhiteElo "2360"]
[BlackElo "2202"]
[Annotator ""]

1.d4 Nf6 2.c4 e6 3.Nf3 Bb4+ 4.Nbd2 b6 5.a3 Bxd2+ 6.Qxd2 Bb7 7.e3
Ne4 8.Qc2 O-O 9.b4 d6 10.Bb2 Nd7 11.Be2 f5 12.O-O Rf6 13.d5 Rh6
14.dxe6 Nf8 15.c5 bxc5 16.bxc5 Nxc5 17.Qxf5 Nfxe6 18.Qc2 Ng5
19.Qc4+ Kh8 20.Nxg5 Qxg5 21.g3 Rf8 22.Rad1 Be4 23.Rd4 Qh4 24.Bh5
Qxh2+ 25.Kxh2 Rxh5+ 0-1

[Event "SM-gruppen"]
[Site "Göteborg"]
[Date "2004.07.10"]
[Round "1"]
[White "Berg,E"]
[Black "Barkhagen,J"]
[Result "1-0"]
[WhiteElo "2510"]
[BlackElo "2477"]
[Annotator ""]

1.Nf3 Nf6 2.g3 d5 3.Bg2 c6 4.b3 Bg4 5.Ne5 Bf5 6.Bb2 Nbd7 7.d4
e6 8.Nxd7 Qxd7 9.Nd2 Bd6 10.f3 c5 11.e4 dxe4 12.Nxe4 Bxe4 13.fxe4
cxd4 14.Qxd4 e5 15.Qd2 Qe7 16.O-O O-O 17.Rf5 Rad8 18.Qe2 Bc5+
19.Kh1 Bd4 20.c3 Bc5 21.Raf1 Ne8 22.Bc1 f6 23.g4 Nd6 24.R5f3
Nf7 25.h4 Kh8 26.Kh2 Ba3 27.Bxa3 Qxa3 28.g5 Qe7 29.gxf6 gxf6
30.Rxf6 Rd6 31.Qf2 Kg7 32.Qg3+ Kh8 33.Qf2 Kg7 34.Qg3+ Kh8 35.Qf3
Kg7 36.Qg4+ Kh8 37.Qf3 Kg7 38.Qg4+ Kh8 39.Qf5 Kg7 40.Rxd6 Nxd6
41.Qg4+ Kh8 42.Rxf8+ Qxf8 43.Qg5 Nf7 44.Qf6+ Kg8 45.Bh3 Qd8 46.Qxd8+
Nxd8 47.Kg3 Kg7 48.Bd7 Nf7 49.Be6 Nd6 50.Bd5 b6 51.a4 Kf6 52.Kg4
h6 53.Bc6 Kg6 54.Bd7 Kf6 55.Kf3 Kg6 56.Bg4 Ne8 57.Ke3 Kf6 58.Kd3
Ke7 59.Bh5 Nc7 60.Kc4 Kd6 61.b4 Kc6 62.Bf7 Kd6 63.Kd3 Ke7 64.Bg6
Kf6 65.Bf5 Ke7 66.Ke3 Kf6 67.Kf3 Ke7 68.Kg4 Kf6 69.Bd7 Kg6 70.Bf5+
Kf6 71.Kh5 Kg7 72.Bd7 Kh7 73.b5 Kg7 74.c4 Kh7 75.Bf5+ Kg7 76.Bd7
Kh7 77.c5 bxc5 78.a5 Kg7 79.b6 axb6 80.axb6 Na6 81.Ba4 c4 82.b7
c3 83.Bd1 Nb8 84.Kg4 Kf6 85.Kf3 Ke7 86.Ke3 Kd6 87.Kd3 Kc7 88.Kxc3
Kxb7 89.Kc4 Kc6 90.Ba4+ Kd6 91.Bb5 h5 92.Kb4 Kc7 93.Kc5 Kb7 94.Kd6
Kb6 95.Be8 Na6 96.Bxh5 Nc5 97.Bg6 Nd3 98.h5 Nf4 1-0

[Event "SM-gruppen"]
[Site "Göteborg"]
[Date "2004.07.10"]
[Round "1"]
[White "Couso,L"]
[Black "Akesson,R"]
[Result "0-1"]
[WhiteElo "2377"]
[BlackElo "2485"]
[Annotator ""]

1.e4 c6 2.d4 d5 3.e5 Bf5 4.c3 e6 5.Be3 Nd7 6.Nd2 Ne7 7.f4 Bg6
8.Ngf3 Nf5 9.Bf2 h5 10.Qb3 Qc7 11.Be2 Be7 12.g3 c5 13.O-O c4
14.Qd1 b5 15.a3 a5 16.h3 Qc6 17.Kg2 Nb6 18.g4 Nh6 19.Nh2 Na4
20.Qc1 hxg4 21.hxg4 f6 22.exf6 gxf6 23.Bf3 Nf7 24.Re1 Kd7 25.Nhf1
Nd6 26.Ng3 f5 27.Qc2 Rag8 28.g5 Ne4 29.Rh1 Qc7 30.Ne2 Bd6 31.Be3
Rxh1 32.Rxh1 Nxg5 33.fxg5 f4 34.Rh7+ Kd8 35.Rxc7 Bxc2 36.Ra7
Rxg5+ 37.Kf2 fxe3+ 38.Kxe3 Nxb2 39.Nf4 Bf5 40.Ra6 Kc7 0-1

[Event "SM-gruppen"]
[Site "Göteborg"]
[Date "2004.07.10"]
[Round "1"]
[White "Hillarp Persson,T"]
[Black "Wedberg,T"]
[Result "1/2-1/2"]
[WhiteElo "2529"]
[BlackElo "2533"]
[Annotator ""]

1.d4 Nf6 2.c4 e5 3.dxe5 Ng4 4.Bf4 Nc6 5.Nf3 Bb4+ 6.Nbd2 Qe7 7.e3
Ncxe5 8.a3 Nxf3+ 9.gxf3 Bxd2+ 10.Qxd2 Ne5 11.Bxe5 Qxe5 12.f4
Qf6 13.O-O-O d6 14.Rg1 Bd7 15.Qa5 b6 16.Qd5 Rb8 17.Rg5 a6 18.h4
g6 19.h5 h6 20.Rg3 gxh5 21.Qxh5 b5 22.Rd2 bxc4 23.Bxc4 Be6 24.Bxe6
Qxe6 1/2-1/2

[Event "SM-gruppen"]
[Site "Göteborg"]
[Date "2004.07.10"]
[Round "1"]
[White "Svensson,B"]
[Black "Olsson,An"]
[Result "1/2-1/2"]
[WhiteElo "2377"]
[BlackElo "2426"]
[Annotator ""]

1.e4 e6 2.d4 d5 3.Nc3 Bb4 4.e5 c5 5.a3 Bxc3+ 6.bxc3 Ne7 7.Qg4
O-O 8.Bd3 Nbc6 9.Qh5 Ng6 10.Nf3 Qc7 11.Be3 Nce7 12.h4 Bd7 13.Qg5
f6 14.exf6 gxf6 15.Qh6 Rf7 16.h5 Nf8 17.Bf4 Qa5 18.Bd2 Qa4 19.Rh3
Nf5 20.Bxf5 exf5 21.Rg3+ Kh8 22.Kf1 Ne6 23.Nh4 Ng7 24.Re1 Re8
25.Rxe8+ Bxe8 26.Re3 Qxc2 27.Ng6+ Kg8 28.Ne7+ Kh8 29.Ng6+ Kg8
30.Ne7+ Kh8 31.Nxd5 cxd4 32.Re1 1/2-1/2

[Event "SM-gruppen"]
[Site "Göteborg"]
[Date "2004.07.11"]
[Round "2"]
[White "Akesson,R"]
[Black "Svensson,B"]
[Result "1/2-1/2"]
[WhiteElo "2485"]
[BlackElo "2377"]
[Annotator ""]

1.Nf3 d5 2.d4 Nf6 3.c4 c6 4.Qc2 dxc4 5.Qxc4 Bf5 6.g3 e6 7.Bg2
Nbd7 8.O-O Be7 9.Nc3 O-O 10.Qb3 Qb6 11.Nd2 e5 12.dxe5 Nxe5 13.h3
Qxb3 14.Nxb3 Rfd8 15.Na5 Bc8 16.a3 Nd5 17.Nxd5 cxd5 18.Rd1 Nc6
19.Nxc6 bxc6 20.Be3 Ba6 21.Rd2 Bc4 22.Rc1 a5 23.Bb6 Rdb8 24.Bd4
Rb3 25.e3 Ra6 26.e4 Bg5 27.f4 Bf6 28.Bxf6 gxf6 29.exd5 Bxd5 30.Bxd5
cxd5 31.Kf2 Rab6 32.Rcc2 Kg7 33.Rxd5 Rxb2 34.Rxb2 Rxb2+ 35.Ke3
Rb3+ 36.Rd3 Rb2 37.Kd4 Kg6 38.Kc3 Rb1 39.Kc2 Rb5 40.Kc3 a4 41.Kc4
Rb1 42.g4 f5 43.Rd6+ Kg7 44.g5 Rb3 45.Rd3 Rb1 46.Kc5 f6 47.Rd7+
Kg6 48.Rd6 Rb3 49.Rxf6+ Kg7 50.h4 Rxa3 51.h5 Rf3 52.Rxf5 a3 53.Kd6
Rd3+ 54.Ke6 Re3+ 55.Kd6 Rd3+ 56.Kc6 Rc3+ 57.Kd7 Rd3+ 58.Kc6 Rc3+
59.Kb6 Rb3+ 60.Kc7 Rc3+ 61.Kd6 1/2-1/2

[Event "SM-gruppen"]
[Site "Göteborg"]
[Date "2004.07.11"]
[Round "2"]
[White "Barkhagen,J"]
[Black "Hermansson,E"]
[Result "1/2-1/2"]
[WhiteElo "2477"]
[BlackElo "2428"]
[Annotator ""]

1.d4 Nf6 2.c4 g6 3.Nc3 d5 4.Bg5 Ne4 5.Bf4 Nxc3 6.bxc3 Bg7 7.e3
O-O 8.Nf3 c5 9.cxd5 cxd4 10.cxd4 Qxd5 11.Be2 Nc6 12.O-O Bf5 13.Qa4
Qa5 14.Qb3 Qb4 15.Rfc1 Rac8 16.Bc4 Qxb3 17.axb3 a6 18.Bd5 Bd7
19.Nd2 e5 20.dxe5 Nxe5 21.Bxb7 Nd3 22.Bxc8 Nxc1 23.Rxc1 Rxc8
24.Rxc8+ Bxc8 25.Bd6 f5 26.Bb4 Kf7 27.Kf1 Bb7 28.f3 Ke6 29.Ke2
Be5 30.h3 Bc6 31.Kd3 Bb5+ 32.Nc4 Kd5 33.e4+ fxe4+ 34.fxe4+ Ke6
35.Bc3 Bg3 36.Ke3 Bh2 37.Nd2 Bb8 38.Nf3 Bf1 39.Ng5+ Ke7 40.Bb4+
Ke8 41.Kf3 h6 42.Ne6 Kf7 43.Nd8+ Ke8 44.Nc6 Bc7 45.Bd2 h5 46.Bc3
Bb5 47.Nb4 Kf7 48.Nd5 Bb8 49.Bd2 Bc6 50.Bf4 Ba7 51.Bc7 Bg1 52.Ba5
Ba7 53.Kf4 Bb8+ 54.Kf3 Bd6 55.Bc3 Bb8 56.Bd2 Bd6 57.Bf4 Ba3 58.Bc7
Bc1 59.Ba5 Bh6 60.g3 Bd7 61.Nc7 Bxh3 62.Nxa6 Bg4+ 63.Kf2 Bc8
64.Nc7 Bg5 65.Nb5 Be7 66.Bc7 Be6 67.Nd6+ Bxd6 68.Bxd6 1/2-1/2

[Event "SM-gruppen"]
[Site "Göteborg"]
[Date "2004.07.11"]
[Round "2"]
[White "Brynell,S"]
[Black "Akesson,J"]
[Result "1-0"]
[WhiteElo "2459"]
[BlackElo "2360"]
[Annotator ""]

1.d4 d5 2.c4 c6 3.Nc3 dxc4 4.e4 b5 5.a4 b4 6.Na2 Nf6 7.e5 Nd5
8.Bxc4 e6 9.Nf3 Ba6 10.Qe2 Bxc4 11.Qxc4 Qb6 12.O-O Qa6 13.b3
Qxc4 14.bxc4 Nb6 15.c5 Nd5 16.Bd2 a5 17.Ng5 Be7 18.Ne4 f5 19.Nd6+
Bxd6 20.exd6 Nd7 21.Rae1 Kf7 22.Nc1 Rhe8 23.Nb3 g6 24.f3 Ra6
25.Rf2 Ra7 26.Kf1 Rb8 27.Rfe2 Re8 28.Rc1 Ra6 29.Ke1 Ra7 30.Kd1
Rb8 31.Kc2 N7f6 32.Rce1 Re8 33.Nc1 Raa8 34.Nd3 Nd7 35.Kb3 Rab8
36.Bg5 Ra8 37.Nb2 Rab8 38.Nc4 Ra8 39.Re5 1-0

[Event "SM-gruppen"]
[Site "Göteborg"]
[Date "2004.07.11"]
[Round "2"]
[White "Ernst,T"]
[Black "Agrest,E"]
[Result "1/2-1/2"]
[WhiteElo "2456"]
[BlackElo "2602"]
[Annotator ""]

1.e4 c5 2.Nf3 Nc6 3.d4 cxd4 4.Nxd4 Qc7 5.Nb5 Qb8 6.Bd3 b6 7.Be3
Bb7 8.Nd2 Nf6 9.f4 g6 10.O-O Bg7 11.c3 d6 12.Qe2 O-O 13.Rae1
Qc8 14.Nf3 Qd7 1/2-1/2

[Event "SM-gruppen"]
[Site "Göteborg"]
[Date "2004.07.11"]
[Round "2"]
[White "Hillarp Persson,T"]
[Black "Berg,E"]
[Result "1/2-1/2"]
[WhiteElo "2529"]
[BlackElo "2510"]
[Annotator ""]

1.d4 d6 2.e4 e5 3.Ne2 Nd7 4.Nbc3 Ngf6 5.h3 b5 6.g4 Bb7 7.Bg2
b4 8.Nd5 Nxd5 9.exd5 Nb6 10.Qd3 Qd7 11.c4 bxc3 12.Nxc3 a5 13.O-O
Be7 14.dxe5 dxe5 15.Re1 O-O 16.Rxe5 Rfd8 17.Bd2 Ba6 18.Qc2 Nc4
19.Ree1 Rab8 20.Bc1 Bb4 21.b3 Nb6 22.Bb2 a4 23.Rad1 axb3 24.axb3
Bb7 25.Re5 Bxc3 26.Bxc3 f6 27.Re6 Nxd5 28.Qf5 g6 29.Rxd5 gxf5
30.Rxd7 Rxd7 31.Rxf6 Bxg2 32.Kxg2 fxg4 33.hxg4 Rxb3 34.Rc6 Rb6
35.Rc5 Rg6 36.Kh3 c6 37.f4 Rd3+ 38.Kh4 Rh6+ 39.Kg5 Rg6+ 40.Kh4
Rd5 41.Rc4 Rh6+ 42.Kg3 Rd3+ 43.Kg2 Rhh3 44.Be5 Rhg3+ 45.Kf2 Rdf3+
46.Ke2 Ra3 47.Rxc6 Ra2+ 48.Kf1 Rxg4 49.Rc8+ Kf7 50.Rc7+ Kg6 51.Rg7+
Kf5 52.Rxh7 Rg3 53.Rc7 Rd3 54.Rc1 Rdd2 55.Kg1 Rg2+ 56.Kf1 Raf2+
57.Ke1 Rh2 58.Bd4 Ra2 59.Kf1 Rh1+ 60.Bg1 Rd2 61.Ra1 Kxf4 62.Ra4+
Kg3 63.Ra3+ Kg4 64.Ra4+ Kf5 65.Ra5+ Ke4 66.Ra4+ Ke5 67.Ra5+ Ke6
68.Ra6+ Kd5 69.Ra5+ Kc4 70.Rc5+ Kb4 71.Rg5 Rd1+ 72.Kf2 Kc4 73.Rg2
Kd3 74.Bh2 Rhf1+ 75.Kg3 Rf8 76.Ra2 Rg8+ 77.Kf2 Rh1 78.Bg3 Rh3
79.Ra3+ 1/2-1/2

[Event "SM-gruppen"]
[Site "Göteborg"]
[Date "2004.07.11"]
[Round "2"]
[White "Ong,Kez"]
[Black "Couso,L"]
[Result "1/2-1/2"]
[WhiteElo "2202"]
[BlackElo "2377"]
[Annotator ""]

1.e4 c5 2.Nf3 e6 3.d4 cxd4 4.Nxd4 a6 5.Bd3 Bc5 6.Nb3 Ba7 7.Qe2
Nc6 8.Be3 d6 9.Nc3 Nge7 10.O-O-O O-O 11.f4 Qc7 12.Rhe1 Nb4 1/2-1/2

[Event "SM-gruppen"]
[Site "Göteborg"]
[Date "2004.07.11"]
[Round "2"]
[White "Wedberg,T"]
[Black "Olsson,An"]
[Result "0-1"]
[WhiteElo "2533"]
[BlackElo "2426"]
[Annotator ""]

1.e4 e6 2.d4 d5 3.Nc3 Bb4 4.e5 c5 5.a3 Bxc3+ 6.bxc3 Ne7 7.Nf3
Qc7 8.a4 h6 9.Bd3 b6 10.O-O Ba6 11.a5 O-O 12.Re1 Rc8 13.Be3 cxd4
14.cxd4 bxa5 15.Qd2 Bxd3 16.cxd3 Nbc6 17.g4 Kh7 18.Rec1 Rab8
19.Rc5 Qb6 20.Kg2 Qa6 21.Ne1 Rb3 22.Qd1 Rcb8 23.Rc2 R8b4 24.Rca2
Rb2 25.Rxb2 Rxb2 26.Bc1 Rb4 27.Nf3 Qb5 28.Ba3 Rb3 29.Bxe7 Nxe7
30.Rxa5 Rxd3 31.Rxb5 Rxd1 32.Rb7 Nc6 33.Rxf7 a5 34.g5 hxg5 35.Rc7
Nxd4 36.Nxg5+ Kg6 37.Nh3 a4 38.Ra7 Ra1 39.Nf4+ 0-1

[Event "SM-gruppen"]
[Site "Göteborg"]
[Date "2004.07.12"]
[Round "3"]
[White "Agrest,E"]
[Black "Barkhagen,J"]
[Result "1-0"]
[WhiteElo "2602"]
[BlackElo "2477"]
[Annotator ""]

1.e4 e5 2.Nf3 Nc6 3.Bb5 a6 4.Ba4 Nf6 5.O-O b5 6.Bb3 Bb7 7.c3
Nxe4 8.d4 Na5 9.Bc2 exd4 10.Nxd4 c5 11.Nf5 d5 12.Nd2 g6 13.Ng3
Nf6 14.Re1+ Be7 15.b4 cxb4 16.cxb4 Nc6 17.Nb3 O-O 18.Qf3 Re8
19.Bb2 d4 20.Nc5 Bxc5 21.bxc5 Kg7 22.Qf4 h6 23.Ne4 Nxe4 24.Bxe4
Rb8 25.Bxc6 Bxc6 26.Bxd4+ f6 27.Rxe8 Bxe8 28.Re1 Rb7 29.h4 Rf7
30.Re6 Bd7 31.Rxa6 Qe7 32.Kh2 1-0

[Event "SM-gruppen"]
[Site "Göteborg"]
[Date "2004.07.12"]
[Round "3"]
[White "Akesson,J"]
[Black "Ernst,T"]
[Result "1/2-1/2"]
[WhiteElo "2360"]
[BlackElo "2456"]
[Annotator ""]

1.d4 Nf6 2.Nf3 g6 3.g3 Bg7 4.Bg2 O-O 5.O-O d5 6.c4 c6 7.b3 a5
8.Nc3 Ne4 9.Bb2 Nxc3 10.Bxc3 Nd7 11.e3 a4 12.cxd5 cxd5 13.bxa4
Nb6 14.a5 Nc4 15.Ne5 Nxa5 16.Qe2 Nc6 17.Qb5 Nxe5 18.dxe5 e6 19.Rfc1
f6 20.exf6 Bxf6 21.Qb2 Bxc3 22.Qxc3 Bd7 23.Bh3 Qf6 24.Qxf6 Rxf6
25.Rc7 Bc6 26.Re7 Re8 27.Rxe8+ Bxe8 28.f4 Kf7 29.a4 Ke7 30.a5
Rf8 31.Bf1 Bc6 32.a6 bxa6 33.Rxa6 Bd7 34.Kf2 1/2-1/2

[Event "SM-gruppen"]
[Site "Göteborg"]
[Date "2004.07.12"]
[Round "3"]
[White "Berg,E"]
[Black "Wedberg,T"]
[Result "1-0"]
[WhiteElo "2510"]
[BlackElo "2533"]
[Annotator ""]

1.e4 e5 2.Nf3 Nc6 3.d4 exd4 4.Nxd4 Qf6 5.Be3 Bc5 6.c3 Qg6 7.Qe2
Nxd4 8.cxd4 Bb4+ 9.Bd2 Bxd2+ 10.Nxd2 Ne7 11.g3 O-O 12.Bg2 d5
13.exd5 Bg4 14.Qc4 b5 15.Qc3 Rad8 16.O-O Nxd5 17.Qc5 Qb6 18.Rac1
Be6 19.Nf3 f6 20.Rfe1 Bf7 21.a3 Rd7 22.Nd2 Qxc5 23.Rxc5 a6 24.Bh3
Rd6 25.Ne4 Re8 26.Rcc1 Rb6 27.Nc5 Rxe1+ 28.Rxe1 a5 29.Bg2 a4
30.f4 Rd6 31.Nb7 Rd7 32.Nc5 Rd6 33.Nb7 Rd7 34.Bh3 Re7 35.Rxe7
Nxe7 36.Bd7 Bd5 37.Na5 c6 38.Kf2 Kf7 39.Ke3 g6 40.Kd3 Bg2 41.Kc3
Nd5+ 42.Kd2 Ne7 43.Kc3 Nd5+ 44.Kd2 Ne7 45.d5 Bxd5 46.Kc3 c5 47.Bxb5
Ke6 48.Bxa4 g5 49.fxg5 fxg5 50.Nc4 h5 51.Ne3 Bf3 52.Kc4 Kd6 53.Bd1
Bxd1 54.Nxd1 Nf5 55.Kb5 Kd5 56.Nc3+ Kd4 57.a4 Nd6+ 58.Kc6 Nc4
59.Ne2+ Ke3 60.Kxc5 Nxb2 61.a5 Nd3+ 62.Kb5 Kxe2 63.a6 1-0

[Event "SM-gruppen"]
[Site "Göteborg"]
[Date "2004.07.12"]
[Round "3"]
[White "Couso,L"]
[Black "Brynell,S"]
[Result "1/2-1/2"]
[WhiteElo "2377"]
[BlackElo "2459"]
[Annotator ""]

1.e4 e6 2.d4 d5 3.Nc3 Nf6 4.e5 Nfd7 5.f4 c5 6.Nf3 Nc6 7.Be3 cxd4
8.Nxd4 Bc5 9.Qd2 O-O 10.O-O-O a6 11.g4 Bxd4 12.Bxd4 b5 13.Bf2
b4 14.Ne2 f6 15.Nd4 Nxd4 16.Bxd4 fxe5 17.fxe5 a5 18.g5 Qe7 19.Qe3
Ba6 20.Bh3 Rac8 21.Kb1 Rc6 22.Rhe1 Qf7 23.Rd2 Qg6 24.Bg4 Rfc8 1/2-1/2

[Event "SM-gruppen"]
[Site "Göteborg"]
[Date "2004.07.12"]
[Round "3"]
[White "Hermansson,E"]
[Black "Hillarp Persson,T"]
[Result "1/2-1/2"]
[WhiteElo "2428"]
[BlackElo "2529"]
[Annotator ""]

1.e4 e6 2.d4 d5 3.Nd2 dxe4 4.Nxe4 Bd7 5.Nf3 Bc6 6.Bd3 Nd7 7.O-O
Ngf6 8.Ng3 Be7 9.c4 Bxf3 10.Qxf3 c6 11.b3 O-O 12.Bb2 Re8 13.Rad1
Qa5 14.Bb1 Rad8 15.Rfe1 Nf8 16.Re5 Qc7 17.Nh5 1/2-1/2

[Event "SM-gruppen"]
[Site "Göteborg"]
[Date "2004.07.12"]
[Round "3"]
[White "Olsson,An"]
[Black "Akesson,R"]
[Result "1-0"]
[WhiteElo "2426"]
[BlackElo "2485"]
[Annotator ""]

1.e4 c6 2.d4 d5 3.e5 Bf5 4.Nf3 e6 5.Be2 Nd7 6.O-O Bg6 7.Be3 Nh6
8.Bxh6 gxh6 9.Bd3 Bg7 10.Bxg6 hxg6 11.Qd3 O-O 12.Nbd2 g5 13.h3
f6 14.exf6 Qxf6 15.Rae1 Rfe8 16.c4 Re7 17.Re3 Nb6 18.Ne5 dxc4
19.Ndxc4 Nxc4 20.Qxc4 Qf5 21.Rfe1 Rf8 22.Rf3 Qh7 23.Rxf8+ Bxf8
24.Nd3 Qg6 25.f4 Bg7 26.fxg5 hxg5 27.Qc5 Rd7 28.Ne5 Bxe5 29.Qxe5
a6 30.Re3 Kh7 31.Qxe6 Qxe6 32.Rxe6 Kg7 33.Kf2 Kf7 34.Re4 Rd5
35.Ke3 Kf6 36.Re8 Rd7 37.Ke4 Rh7 38.Rf8+ Ke6 39.Rf3 Rh4+ 40.Kd3
Rh7 41.Ke4 Rh4+ 42.Kd3 Rh8 43.Kc4 Rd8 44.Re3+ Kf6 45.Re5 Rd7
46.Kc5 Rd8 47.a4 Rd7 48.a5 Rd8 49.b4 Rd7 50.g4 Rd8 51.Rf5+ Kg6
52.d5 cxd5 53.Rxd5 Rc8+ 54.Kb6 Rc4 55.b5 1-0

[Event "SM-gruppen"]
[Site "Göteborg"]
[Date "2004.07.12"]
[Round "3"]
[White "Svensson,B"]
[Black "Ong,Kez"]
[Result "1/2-1/2"]
[WhiteElo "2377"]
[BlackElo "2202"]
[Annotator ""]

1.e4 e5 2.Nf3 Nc6 3.Nc3 Nf6 4.Bb5 Bb4 5.O-O O-O 6.d3 d6 7.Bg5
Bxc3 8.bxc3 Qe7 9.Bxc6 bxc6 10.Nd2 h6 11.Bh4 Qe6 12.c4 Bd7 13.Rb1
Rfb8 14.Rb3 c5 15.Nb1 a5 16.Nc3 a4 17.Rb1 Ne8 18.Qd2 Qg4 19.Bg3
Nf6 20.f3 Qg6 21.Nd5 Nxd5 22.cxd5 Rb6 23.f4 f6 24.a3 Rab8 25.Rxb6
Rxb6 26.fxe5 fxe5 27.Qa5 Qe8 28.Qd2 Rb2 29.Qc1 Qb8 30.Bh4 Be8
31.Bd8 Rb7 32.Bh4 Rb2 33.Bd8 Rb7 34.Bh4 1/2-1/2

[Event "SM-gruppen"]
[Site "Göteborg"]
[Date "2004.07.13"]
[Round "4"]
[White "Barkhagen,J"]
[Black "Akesson,J"]
[Result "1-0"]
[WhiteElo "2477"]
[BlackElo "2360"]
[Annotator ""]

1.d4 d5 2.c4 c6 3.Nf3 Nf6 4.Nc3 dxc4 5.a4 Bf5 6.Ne5 Nbd7 7.Nxc4
Nb6 8.Ne5 a5 9.g3 e6 10.Bg2 Bb4 11.O-O O-O 12.e3 h6 13.Qe2 Bh7
14.Rd1 Qe7 15.e4 Nfd7 16.Nxd7 Nxd7 17.Be3 Rfd8 18.Rac1 e5 19.d5
Bc5 20.Bxc5 Nxc5 21.Qc4 Na6 22.dxc6 bxc6 23.Qxc6 Nb4 24.Qb5 Rdb8
25.Qe2 Bg6 26.Nd5 Qf8 27.Rc7 Kh7 28.h4 f6 29.Nxb4 Qxb4 30.Rdd7
Rg8 31.h5 Be8 32.Re7 Bxa4 33.Qg4 1-0

[Event "SM-gruppen"]
[Site "Göteborg"]
[Date "2004.07.13"]
[Round "4"]
[White "Berg,E"]
[Black "Hermansson,E"]
[Result "1/2-1/2"]
[WhiteElo "2510"]
[BlackElo "2428"]
[Annotator ""]

1.f4 d5 2.g3 g6 3.Bg2 Bg7 4.Nf3 Nf6 5.O-O O-O 6.d3 c5 7.Qe1 d4
8.Na3 Nc6 9.h3 Nd5 10.Bd2 e6 11.c3 b6 12.Nc2 Bb7 13.c4 Nde7 14.b4
Qc7 15.Rb1 cxb4 16.Qf2 Rad8 17.Nxb4 e5 18.Nxc6 Nxc6 19.fxe5 Nxe5
20.Nxe5 Bxg2 21.Kxg2 Bxe5 22.Rb5 Bg7 23.Qf3 Rd7 24.a4 Re8 25.a5
Rde7 26.Rf2 Re6 27.axb6 axb6 28.c5 Rf6 29.Bf4 Qa7 30.cxb6 Rxb6
31.Rxb6 Qxb6 32.Qd5 Qa7 33.h4 h5 34.Qc6 Re6 35.Qd5 Bf6 36.Qf3
Qe7 37.Qa8+ Kh7 38.Qf3 Kg8 39.Qa8+ Kh7 40.Qf3 Kg8 1/2-1/2

[Event "SM-gruppen"]
[Site "Göteborg"]
[Date "2004.07.13"]
[Round "4"]
[White "Brynell,S"]
[Black "Svensson,B"]
[Result "0-1"]
[WhiteElo "2459"]
[BlackElo "2377"]
[Annotator ""]

1.d4 Nf6 2.c4 g6 3.Nc3 d5 4.cxd5 Nxd5 5.Bd2 Bg7 6.e4 Nb6 7.Be3
O-O 8.Bb5 Be6 9.Nf3 Nc4 10.Bxc4 Bxc4 11.Qa4 Ba6 12.O-O-O Nd7
13.h4 Nb6 14.Qc2 Nc4 15.h5 Nxe3 16.fxe3 c5 17.hxg6 hxg6 18.e5
cxd4 19.exd4 Qd7 20.Qe4 Rfc8 21.g4 b5 22.Ng5 Bb7 23.d5 Rc4 24.Qf3
f6 25.Nge4 b4 26.exf6 Rf8 27.Qd3 Rxc3+ 28.bxc3 exf6 29.Nc5 Qxg4
30.Nxb7 bxc3 31.a3 Qf4+ 32.Kb1 Rb8 33.Qa6 Qc7 34.Ka2 Rxb7 35.Qe6+
Kf8 36.d6 Qd7 37.Qxd7 Rxd7 38.Kb3 f5 39.Kc4 Be5 40.Kc5 c2 41.Rd2
Bf4 42.Rxc2 Bxd6+ 43.Kc6 Rc7+ 44.Kxd6 Rxc2 45.Rh7 a5 46.Ra7 Ra2
47.Rxa5 Kf7 48.a4 Kf6 49.Ra8 f4 50.a5 Kf5 51.Kd5 g5 52.a6 Kg4
53.a7 Kf3 54.Kd4 g4 0-1

[Event "SM-gruppen"]
[Site "Göteborg"]
[Date "2004.07.13"]
[Round "4"]
[White "Ernst,T"]
[Black "Couso,L"]
[Result "1-0"]
[WhiteElo "2456"]
[BlackElo "2377"]
[Annotator ""]

1.e4 c5 2.Nf3 e6 3.d4 cxd4 4.Nxd4 a6 5.Bd3 Bc5 6.Nb3 Ba7 7.O-O
Nc6 8.Qg4 Nf6 9.Qxg7 Rg8 10.Qh6 Ne5 11.Be2 b5 12.Be3 Rg6 13.Qh4
Bxe3 14.fxe3 Bb7 15.Nc5 Bc6 16.Nd2 Qe7 17.Nd3 Nfg4 18.Qxh7 O-O-O
19.Bxg4 Nxg4 20.Qxf7 Qg5 21.Qf4 Nxe3 22.Qxg5 Rxg5 23.Rf2 Rdg8
24.g3 Kb8 25.Rc1 Rh8 26.Re2 Ng4 27.Nf3 Rgh5 28.Rf1 e5 29.h4 Rg8
30.Ng5 d5 31.Nb4 1-0

[Event "SM-gruppen"]
[Site "Göteborg"]
[Date "2004.07.13"]
[Round "4"]
[White "Hillarp Persson,T"]
[Black "Agrest,E"]
[Result "1/2-1/2"]
[WhiteElo "2529"]
[BlackElo "2602"]
[Annotator ""]

1.d4 d5 2.c4 c6 3.Nf3 Nf6 4.Nc3 e6 5.Bg5 dxc4 6.e4 b5 7.a4 Qb6
8.Bxf6 gxf6 9.Be2 Bb7 10.O-O Nd7 11.a5 Qc7 12.a6 Bc8 13.d5 b4
14.dxe6 fxe6 15.Nb1 Nc5 16.Bxc4 Be7 17.Nd4 O-O 18.Nd2 Kh8 19.Qh5
Bd7 20.N2b3 e5 21.Nxc5 Bxc5 22.Nf3 Be8 23.Qh3 Rd8 24.Rad1 Bg6
25.Nh4 Bxe4 26.Rde1 Bc2 27.Re2 b3 28.Rxc2 bxc2 29.Ng6+ Kg7 30.Nxf8
Kxf8 31.Qf5 Qg7 32.Qxc2 Bb6 33.g3 Qg6 34.Qe2 Rd4 35.Kg2 Qe4+
36.Qxe4 Rxe4 37.b3 Rd4 38.Re1 Rd2 1/2-1/2

[Event "SM-gruppen"]
[Site "Göteborg"]
[Date "2004.07.13"]
[Round "4"]
[White "Ong,Kez"]
[Black "Olsson,An"]
[Result "1/2-1/2"]
[WhiteElo "2202"]
[BlackElo "2426"]
[Annotator ""]

1.e4 e6 2.d4 d5 3.exd5 exd5 4.Bd3 Bd6 5.Nf3 Bg4 6.O-O Ne7 7.Re1
Nbc6 8.c3 Qd7 9.Nbd2 O-O 10.Nf1 Rae8 11.h3 Bf5 12.Ne3 Bg6 13.Qc2
Nd8 14.Bd2 Ne6 15.Nf5 Nxf5 16.Bxf5 c6 1/2-1/2

[Event "SM-gruppen"]
[Site "Göteborg"]
[Date "2004.07.13"]
[Round "4"]
[White "Wedberg,T"]
[Black "Akesson,R"]
[Result "1/2-1/2"]
[WhiteElo "2533"]
[BlackElo "2485"]
[Annotator ""]

1.e4 c6 2.d4 d5 3.Nd2 dxe4 4.Nxe4 Nd7 5.Ng5 Ngf6 6.Bd3 e6 7.N1f3
Bd6 8.Qe2 h6 9.Ne4 Nxe4 10.Qxe4 Qc7 11.O-O b6 12.Qg4 Kf8 13.b3
c5 14.dxc5 Nxc5 15.Bb2 e5 16.Bf5 h5 17.Qh3 Ne6 18.Bxe6 Bxe6 19.Qg3
f6 20.Nh4 Kg8 21.Qg6 Rd8 22.Rad1 Rh6 23.Qe4 Qc8 24.Rd2 g5 25.Rfd1
Bc7 26.Nf3 Rxd2 27.Rxd2 Bf5 28.Qc4+ Kg7 29.h4 g4 30.Nh2 Rh8 31.Nf1
Rd8 32.Qe2 Rxd2 33.Qxd2 Qd7 34.Qe2 b5 35.Ne3 Be6 36.c4 bxc4 37.Nxc4
Bf5 38.Qe3 Bb8 39.Bc1 Bg6 40.Qh6+ Kf7 41.Ba3 Qd1+ 42.Kh2 e4+
43.g3 Bxg3+ 44.fxg3 Qe2+ 45.Kg1 Qe1+ 1/2-1/2

[Event "SM-gruppen"]
[Site "Göteborg"]
[Date "2004.07.14"]
[Round "5"]
[White "Agrest,E"]
[Black "Berg,E"]
[Result "1-0"]
[WhiteElo "2602"]
[BlackElo "2510"]
[Annotator ""]

1.d4 Nf6 2.c4 c5 3.d5 b5 4.Nd2 g6 5.e4 d6 6.Bd3 Bg7 7.Ngf3 O-O
8.O-O Nbd7 9.Re1 bxc4 10.Nxc4 Nb6 11.Bd2 Nxc4 12.Bxc4 Bg4 13.h3
Bxf3 14.Qxf3 Nd7 15.Qa3 Qb6 16.Rab1 a5 17.Qa4 Qc7 18.Bb5 Ra7
19.Qc2 Rb8 20.a4 Rf8 21.Re2 Nb8 22.Qc4 Nd7 23.Qc2 Nb8 24.Rd1
Nd7 25.Kh1 Rb8 26.b3 Rab7 27.Bc3 Bxc3 28.Qxc3 f6 29.f4 Kg7 30.Rde1
Rxb5 31.axb5 Rxb5 32.Re3 Rb4 33.Ra1 Qb6 34.Kh2 Kf7 35.h4 Qb5
36.h5 Ke8 37.hxg6 hxg6 38.Qc2 c4 39.bxc4 Rxc4 40.Rxa5 Qb4 41.Rb3
Qxa5 42.Qxc4 Nc5 43.Rh3 Qd2 44.e5 fxe5 45.fxe5 Qg5 46.Rh8+ Kf7
47.Qf1+ Qf5 48.e6+ Kg7 49.Qa1+ 1-0

[Event "SM-gruppen"]
[Site "Göteborg"]
[Date "2004.07.14"]
[Round "5"]
[White "Akesson,J"]
[Black "Hillarp Persson,T"]
[Result "1/2-1/2"]
[WhiteElo "2360"]
[BlackElo "2529"]
[Annotator ""]

1.d4 e6 2.c4 d5 3.Nf3 c6 4.Bg5 f6 5.Bh4 Nh6 6.Nc3 Nf5 7.Bg3 Nd7
8.e3 Nxg3 9.hxg3 f5 10.Qc2 g6 11.Bd3 Qf6 12.O-O-O a6 13.g4 fxg4
14.Nh2 Qg5 15.f4 gxf3 16.Nxf3 Qxe3+ 17.Kb1 Kd8 18.Bxg6 dxc4 19.Bxh7
Kc7 20.Qg6 Bb4 21.Ne4 Kb6 22.Qg7 Re8 23.Ned2 Ka7 24.Nxc4 Qf4
25.Rh4 Qf6 26.Qg3 Rh8 27.Bc2 Rxh4 28.Nxh4 Qd8 29.Nf3 Nb6 30.Nxb6
Qxb6 31.Ne5 Bd6 32.Qb3 Qc7 33.Qe3 c5 34.Nf3 c4 35.Ne5 b5 36.Be4
Bb7 37.Bxb7 Qxb7 38.d5+ Qb6 39.Nc6+ Kb7 40.Qxe6 Qc7 41.Rf1 Qh7+
42.Qf5 Qxf5+ 43.Rxf5 Rg8 44.Rf6 Kc7 45.Rf2 Rg5 46.Rd2 Kb6 47.Kc2
Bf4 48.Rf2 Bd6 49.Rd2 Bf4 50.Rf2 Bd6 51.Rd2 Bf4 1/2-1/2

[Event "SM-gruppen"]
[Site "Göteborg"]
[Date "2004.07.14"]
[Round "5"]
[White "Akesson,R"]
[Black "Ong,Kez"]
[Result "0-1"]
[WhiteElo "2485"]
[BlackElo "2202"]
[Annotator ""]

1.Nf3 Nf6 2.c4 e6 3.g3 d5 4.Bg2 Be7 5.d4 O-O 6.O-O dxc4 7.Qc2
a6 8.a4 Bd7 9.Qxc4 Bc6 10.Bg5 a5 11.Nc3 Na6 12.Rfd1 Nb4 13.Bxf6
Bxf6 14.e4 b6 15.Rd2 Bb7 16.Rad1 c6 17.h4 Ba6 18.Qb3 Qc7 19.Nh2
Rad8 20.Ng4 Be7 21.Bf1 Bxf1 22.Kxf1 c5 23.Qc4 Qc8 24.d5 exd5
25.exd5 h5 26.Ne3 Qh3+ 27.Kg1 Bf6 28.Qf4 Rfe8 29.Qf3 Bxh4 30.Qxh5
Rxe3 31.fxe3 Qxg3+ 32.Kh1 g6 33.Qe2 Bg5 34.Qg2 Qe5 35.Re2 Kg7
36.Ne4 Bxe3 37.Rxe3 Qh5+ 38.Rh3 Qxd1+ 39.Kh2 Qc2 40.d6 Qxg2+
41.Kxg2 f5 0-1

[Event "SM-gruppen"]
[Site "Göteborg"]
[Date "2004.07.14"]
[Round "5"]
[White "Couso,L"]
[Black "Barkhagen,J"]
[Result "1/2-1/2"]
[WhiteElo "2377"]
[BlackElo "2477"]
[Annotator ""]

1.e4 e5 2.Nf3 Nc6 3.Bb5 a6 4.Ba4 Nf6 5.O-O b5 6.Bb3 Bc5 7.d3
d6 8.a4 Rb8 9.axb5 axb5 10.Bg5 h6 11.Be3 Bxe3 12.fxe3 O-O 13.Nc3
b4 14.Nd5 Nxd5 15.Bxd5 Ne7 16.Bb3 Be6 17.Bxe6 fxe6 18.d4 exd4
19.exd4 Ng6 20.g3 Qd7 21.Qd3 Qc6 22.Kg2 Ra8 23.Nd2 Rxa1 24.Rxa1
e5 25.d5 Qc5 26.Rf1 Rxf1 27.Nxf1 Nf8 28.Ne3 g6 29.Ng4 h5 30.Nf2
Nd7 31.b3 Nf6 32.h3 c6 33.dxc6 Qxc6 34.g4 hxg4 35.hxg4 Kg7 36.Kf3
d5 37.exd5 Nxd5 38.Qe4 Qf6+ 39.Kg3 Qf4+ 40.Qxf4 exf4+ 41.Kf3
Ne3 1/2-1/2